00337nam a2200133 a 45000010010000000030011000100080041000210350026000620820014000881000019001022450031001212600032001526500019001840000-9319ELIB.Books110520 1965  a(ELIB.Books)0000-9471 a248 bHil aHillis, Don W. aWhen God Calls the Signals bChicago: Moody Press c1965 aChristian Life